00587nam a22001817a 450000500170000001000150001702000270003203500130005903700130007208200120008510000560009724501030015326000390025627000440029530000270033950000190036670000200038520100817112719.0 aENG-100705 a9788184245745c1800.00 aEN-84238 bDBAD/PUB a621.367 aImage processing (Tamil Nadu : 12-13 February 2010) aProceeding of the national conference on image processing (NCIMP 2010) /cedited by K. Somasundram aNew DelhibAllied Publishersc2010 a1/13-14 Asaf Ali RodbNew Delhie110002 axii, 354 p.c28cm (Hb) aIncludes index aSomasundram, K.